15 Largest Cities in DR Congo🇨🇩 - Statistics

General Stats
  • This quiz has been taken 34 times
  • The average score is 6 of 15
Answer Stats
Population City % Correct
7.7 mil Kinshasa
96%
1.3 mil Lubumbashi
92%
874k Mbuji-Mayi
80%
539k Kisangani
68%
463k Kananga
64%
225k Bukavu
40%
422k Likasi
36%
184k Mbandaka
32%
180k Matadi
28%
267k Tshikapa
28%
186k Kikwit
24%
418k Kolwezi
24%
232k Beni
8%
189k Mwene-Ditu
8%
485k Masina
4%
No matching quizzes found
Score Distribution
Percent of People with Each Score
Percentile by Number Answered
Your Score History
You have not taken this quiz